| 000 | 00592nam a2200181 a 4500 | ||
|---|---|---|---|
| 005 | 20221015063807.0 | ||
| 008 | 991125n1994 mx 000 0 spa u | ||
| 035 | _aUPN01000023977 | ||
| 049 | _aLT | ||
| 050 | 4 |
_aLB1684 M6.1 _bE96 |
|
| 245 | 0 | 0 |
_aExpresión y apreciación artística I : _bexpresión plástica / _cFernando Valero Salinas ... [et al.]. |
| 260 |
_aMéxico : _bGrafo Print, _c1994. |
||
| 300 |
_a99 p. : _bil. |
||
| 650 | 7 |
_aArtes plásticas _2 _92767 |
|
| 650 | 4 |
_aArte _xEstudio y enseñanza (Secundaria) _92645 |
|
| 700 | 1 |
_aValero Salinas, Fernando, _ecoaut. |
|
| 905 | _aLibro | ||
| 999 |
_c23977 _d23977 |
||